Les joueurs les plus utilisés par le Bayer Leverkusen - Statistiques

Statistiques générales
  • Ce quiz a été pris 28 fois
  • Le résultat moyen est 7 sur 10
Statistiques - réponses
Joueurs % Correct
2. Xhaka
100%
6. Wirtz
96%
3. Grimaldo
92%
5. Frimpong
80%
4. Tah
76%
8. Tapsoba
60%
10. Andrich
52%
1. Hradecky
48%
9. Palacios
48%
7. Hofmann
32%
Aucun quiz correspondant
Distribution des résultats
% des personnes avec chaque résultat
Percentile par nombre de réponses
Votre historique - résultats
Vous n’avez pas pris ce quiz